Far cry 4 Trivia - Statistics

General Stats
  • This quiz has been taken 66 times
  • The average score is 8 of 15
Answer Stats
Hint Answer % Correct
What are the rebels known as? The golden path
96%
Is it pronounced ghale or ghale? Ghale
87%
The defensive abilities are represented by what animal? Elephant
81%
Snappy dressed villain? Pagan min
77%
Where is this game set? Kyrat
72%
What animal represents the characters offensive abilities? Tiger
70%
What Song plays at the start? Should I stay or should I go
60%
What countries civil war was this game inspired by? Nepal
57%
What mystical realm do you travel to? Shangri-La
55%
What can be accumulated by perform in kind actions? Karma
45%
The Moronic Yanks name? Hurk
34%
Why does the character return to his native country? To scatter his mother's Ashes
32%
The artist of said song? The Clash
26%
Name a side mission hostage rescues, bomb disposal quests, hunting missions
4%
How does one improve visibility on the map? Liberate bell towers
4%
No matching quizzes found
Score Distribution
Percent of People with Each Score
Percentile by Number Answered
Your Score History
You have not taken this quiz